Muhammad at Medina (Record no. 464)

MARC details
000 -LEADER
fixed length control field 00571nam a2200241 a 4500
020 ## - INTERNATIONAL STANDARD BOOK NUMBER
ISBN
082 00 - DEWEY DECIMAL CLASSIFICATION NUMBER
Classification number 297.63
Author Cutter WAT
100 ## - MAIN ENTRY--AUTHOR NAME
Author name Watt, Montgomery
245 ## - TITLE STATEMENT
Title Muhammad at Medina
260 ## - PUBLICATION, DISTRIBUTION, ETC. (IMPRINT)
Place of publication Oxford
Name of publisher Clarendon Press
Year of publication 1956
300 ## - PHYSICAL DESCRIPTION
Number of Pages 418p
500 ## - GENERAL NOTE
General note includes index and biblioraphy
505 2# - FORMATTED CONTENTS NOTE
Formatted contents note Illus. Index
650 ## - SUBJECT ADDED ENTRY--TOPICAL TERM
Topical Term Muhammad, Prophet
942 ## - ADDED ENTRY ELEMENTS (KOHA)
Koha item type Books
700 1# -
-- Watt, Montgomery
Holdings
Collection code Home library Current library Date acquired Cost, normal purchase price Full call number Accession Number Koha item type
  Henry Martyn Institute Library Henry Martyn Institute Library 07/02/2012 100.00 297.63 WAT 01123 Books
                   Copyright © 2026 | Henry Martyn Institute | Hyderabad | TS-500052 | INDIA | Implemented by hmi.edu.in
Hit-Count:

Powered by Koha